00337nam a2200121Ia 4500008004100000041000800041082001400049100002100063245004500084260004400129300003000173365001200203240624s9999 xx 000 0 und d aeng a306.3 MAC aMACKENZIE DONALD aMATERIAL MARKETS HOW ECONOMIC AGENTS ARE c2009aNew YorkbOxford University press aix, : 228 : p. : cm. ; 24 cBPSb30